00923 2200313 4500001002100000005001500021035002000036007000300056008004100059020002200100082001500122084001700137100003800154245007100192250003200263300003900295650001300334504003400347264003200381336002100413337003000434338002300464040002200487090002200509850001200531999002200543990002200565990002200587INLIS00000000089760620250929123319 a0010-0725000184ta250702s2025 yoia g ind d a978-634-01-0349-604223a537.66 a537.66 ADH s1 aAdhib Ulil Absor, Moh.ePengarang10aSpintronik :bkonsep dasar dan terapannya /cMoh. Adhib Ulil Absor aCetakan Pertama, Maret 2025 a260b halaman :bilustrasi ;c23 cm 4aElektron aBibliografi : halaman 249-25631aSleman :bDeepublish,c2025 2rdacontentateks 2rdamediaatanpa perantara 2rdacarrieravolume aYOPDYOGbinderda aCB-D.11 2025-1716 aYOPDYOG aCB-D.11/2025-1716 aCB-D.11/2025-1716 aCB-D.11/2025-1716